A Gordiusz 95 Zrt gazdálkodásának komplex átvilágítása és minősítése

Bibliográfiai részletek
Szerző: Szántó Zsófia
További közreműködők: Pucsek Dr. József
Dokumentumtípus: Záródolgozat
Kulcsszavak:komplex elemzés
Gazdálkodás
minősítés
Online Access:http://dolgozattar.uni-bge.hu/22092

MARC

LEADER 00000nta a2200000 i 4500
001 dolg22092
005 20190516090811.0
008 190516suuuu hu o 000 hun d
040 |a BGE Dolgozattár Repozitórium  |b hun 
041 |a hu 
100 1 |a Szántó Zsófia 
245 1 2 |a A Gordiusz 95 Zrt gazdálkodásának komplex átvilágítása és minősítése  |c Szántó Zsófia  |h [elektronikus dokumentum] 
516 |a Final_paper 
695 |a komplex elemzés 
695 |a Gazdálkodás 
695 |a minősítés 
700 1 |a Pucsek Dr. József  |e ths 
856 4 0 |u http://dolgozattar.uni-bge.hu/22092/1/Szakdolgozat_Sz%C3%A1nt%C3%B3_Zs%C3%B3fia.pdf  |z Dokumentum-elérés 
856 4 0 |u http://dolgozattar.uni-bge.hu/22092/2/Titkos%C3%ADt%C3%A1si%20k%C3%A9relem.pdf  |z Dokumentum-elérés 
856 4 0 |u http://dolgozattar.uni-bge.hu/22092/3/Nyilatkozat.pdf  |z Dokumentum-elérés